Русская архитектура в эпоху Екатерины II; Барокко - классицизм - неоготика

Bibliographische Detailangaben
1. Verfasser: Евсина Н. А. Наталья Александровна
Sprache:Russisch
Veröffentlicht: Москва, Наука, 1994
Schlagworte:
Format: Buch
KOHA link:https://koha.lib.tpu.ru/cgi-bin/koha/opac-detail.pl?biblionumber=21306

MARC

LEADER 00000nam0a2200000 4500
001 21306
005 20231101205423.0
010 |a 5020115789 
035 |a (RuTPU)RU\TPU\book\21504 
035 |a BOOK00000112 
090 |a 21306 
100 |a 20011209d1994 k y0rusy50 ca 
101 0 |a rus 
102 |a RU 
105 |a a z 000zy 
200 1 |a Русская архитектура в эпоху Екатерины II  |a Барокко - классицизм - неоготика  |f Н. А. Евсина 
210 |a Москва  |c Наука  |d 1994 
215 |a 222 с.  |c ил. 
606 1 |a Архитектура  |2 stltpush  |3 (RuTPU)RU\TPU\subj\29464  |9 52781 
610 1 |a история 
610 1 |a Россия 
610 1 |a русская архитектура 
610 1 |a 18 век 
610 1 |a барокко 
610 1 |a классицизм 
610 1 |a неоготика 
675 |a 72.03  |v 3 
700 1 |a Евсина  |b Н. А.  |g Наталья Александровна 
801 0 |a RU  |b 63413507  |c 20011209  |g PSBO 
801 2 |a RU  |b 63413507  |c 20140922  |g PSBO 
942 |c BK